000 00904nam a2200277 i 4500
003 DO-SdBNP
005 20241015130040.0
007 ta
008 241015b2003 fr ||||| |||| 00| 0 spa d
020 _a9782747549189
040 _aDO-SdBNP
_bspa
_cBNPHU
_erda
041 1 7 _hfre
082 4 _bC648m
_222
100 _aClérismé, Rénald,
_eautor
_4aut.
_986701
245 1 0 _aMain-D Ceuvre haítienne, capital dominicain :
_bessai d anthopologie historique /
_c Rénald Clérismé ; prefacio, Laennec Hurbon
264 _aFrancia :
_bEditora L Harmattan,
_c2003.
300 _a184 páginas ;
_c22 cm.
336 _atexto
_btxt
_2rdaconten
337 _asin mediación
_bn
_2rdamedia
338 _avolumen
_bnc
_2rdacarrier
504 _aBibliografía : páginas 179-184
590 _aInventariado, 2024/BT
700 1 _4pre.
_aHurbon Laennec,
_eprefacio
_942214
910 _aBtavárez
942 _2ddc
_cLBS1
999 _c57869
_d57869